000 00527pab a2200193 454500
008 180718b2000 xxu||||| |||| 00| 0 eng d
100 _aPaul, M. Thomas
245 _aA re-examination of the long-run relationship between money supply and inflation in India
260 _c2000
300 _ap.31-47
362 _aJul
650 _aInflation - India
650 _aMoney - India
650 _aMoney
700 _aBhanumurthy, N.R.
700 _aBapat, Nishant
773 _aIndian Journal of Economics
909 _a47491
999 _c47491
_d47491